Geography Quiz

Random Geography or World Quiz

Geography Starting with Mon Quiz Stats

 Plays Quiz not verified by Sporcle

Challenge
Share
Tweet
Embed
Score 0/34 Timer 06:00
0 Plays Today
Clue Word % Correct
European micro-state and principality on the mediterraneanMonaco
97.7%
Uruguay's capital cityMontevideo
90.9%
Liberia's capital cityMonrovia
90.9%
City in San Gabriel Valley, Los Angeles County, California; El....Monte
90.9%
European nation with Podgorica as its capital cityMontenegro
88.6%
Asian nation with Ulan Bator as its capital cityMongolia
88.6%
Beachfront city in Los Angeles County, Santa _______Monica
88.6%
Alabama's state capitalMontgomery
86.4%
City in Louisiana named after the 5th U.S. president, James...Monroe
84.1%
Northwestern state with Helena as its capital cityMontana
81.8%
Canada's second largest cityMontreal
81.8%
Vermont's capital cityMontpelier
77.3%
Highest mountain in Europe west of the CaucasusMont Blanc
72.7%
Caribbean island and British Overseas TerritoryMontserrat
70.5%
Capital of the state of Nuevo Leon, MexicoMonterrey
65.9%
City in Wallonia, Belgium; the region's fourth largestMons
63.6%
City in Lombardy, Italy; known for its Grand Prix motor racingMonza
56.8%
Clue Word % Correct
Italian island made famous by Alexandre Dumas' novelMontecristo
52.3%
Jamaica's second largest cityMontego Bay
47.7%
City in Occitanie, France; the country's eight largestMontpellier
47.7%
Californian county, bay, and city featured on HBO's Big Little LiesMonterey
45.5%
Island commune in Normandy, France, famous for its monasteryMont Saint-Michel
41.4%
Paris' hill and arrondissement famous for the Basilica of the Sacre CoeurMontmartre
40.9%
City on Lake Geneva at the foot of the Alps, famous for its jazz festivalMontreux
38.6%
New Brusnwick's largest city, CanadaMoncton
34.1%
One of Paris' most famous arrondissements; home of France's tallest skyscraperMontparnasse
27.3%
Chilean city in Los Lagos Region, Puerto _____Montt
15.9%
Hill in Barcelona famous for its Palau NacionalMontjuic
15.9%
Capital of the Cordoba Department, ColombiaMonteria
9.1%
Coahuila's third largest city, MexicoMonclova
6.8%
French commune part of Paris metroMontreuil
6.8%
City in Minas Gerais state, BrazilMontes Claros
6.8%
Myanmar's seventh largest city, known as Neem CityMonywa
6.8%
City in North Rhine-Westphalia, GermanyMonchengladbach
0%

You're not logged in!

Compare scores with friends on all Sporcle quizzes.
OR
Log In

You Might Also Like...

Show Comments

Extras

Created Aug 28, 2017ReportNominate
Tags:World Quiz, mon, place, start, starting

Top Quizzes Today


Score Distribution

Your Account Isn't Verified!

In order to create a playlist on Sporcle, you need to verify the email address you used during registration. Go to your Sporcle Settings to finish the process.

Report this User

Report this user for behavior that violates our Community Guidelines.

Details: